[Event "AUTO-INT-1343"]
[Site "http://www.queenalice.com/game.php?id=690209"]
[Date "2009.11.28"]
[Round "2"]
[White "Padre_Amaro"]
[Black "kelton"]
[Result "1-0"]
[WhiteElo "1841"]
[BlackElo "1591"]

1. e4 d6 2. d4 e5 3. dxe5 Nc6 4. exd6 Qxd6 5. Qxd6 Bxd6 6. Nf3 Nf6 7. Nc3 Bg4 8.
Be2 O-O-O 9. O-O Rd7 10. h3 Bxf3 11. Bxf3 Rhd8 12. Bg5 Be5 13. Nd5 Rd6 14. c3 h6
15. Nxf6 Bxf6 16. Bxf6 Rxf6 17. b4 Rd3 18. Rac1 Rd2 19. b5 Ne5 20. Bd1 Rxa2 21.
f4 Nd3 22. Bg4+ Kb8 23. Rcd1 Nxf4 24. Rd8# 1-0

[Event "AUTO-INT-1531"]
[Site "http://www.queenalice.com/game.php?id=690299"]
[Date "2009.11.29"]
[Round "1"]
[White "Chazam"]
[Black "kelton"]
[Result "1-0"]
[WhiteElo "1677"]
[BlackElo "1479"]

1. e4 e5 2. Nf3 d5 3. exd5 Qxd5 4. Nc3 Qd6 5. Bb5+ Bd7 6. Bxd7+ Nxd7 7. d4 O-O-O
8. dxe5 Nxe5 9. Qxd6 Bxd6 10. Nxe5 Bxe5 11. O-O Ne7 12. Bg5 f6 13. Bh4 Rd2 14.
Rac1 g5 15. Bg3 Bxc3 16. bxc3 Nd5 17. c4 Nc3 18. Rfe1 Nxa2 19. Ra1 Nb4 20. Rxa7
Nxc2 21. Rc1 Rhd8 22. h3 c5 23. Rb1 Rd1+ 24. Rxd1 Rxd1+ 25. Kh2 h5 26. Ra8+ Kd7
27. f3 Ne3 28. Ra7 Nf1+ 29. Kg1 Nxg3+ 30. Kf2 Nh1+ 31. Ke2 Rc1 32. Rxb7+ Kc6 33.
Rf7 Rc2+ 34. Kd3 Rxg2 35. Rxf6+ Kd7 36. Rf7+ Ke6 37. Rg7 1-0

[Event "AUTO-INT-1531"]
[Site "http://www.queenalice.com/game.php?id=690300"]
[Date "2009.11.29"]
[Round "1"]
[White "kelton"]
[Black "Chazam"]
[Result "0-1"]
[WhiteElo "1471"]
[BlackElo "1685"]

1. d4 e6 2. e4 g6 3. e5 Nc6 4. Nf3 d5 5. c4 dxc4 6. Bxc4 Na5 7. Qe2 Nxc4 8. Qxc4
Nh6 9. Bg5 Qd7 10. Nbd2 b5 11. Qd3 Bb4 12. Bxh6 Bb7 13. O-O O-O-O 14. Ne4 Bxe4
15. Qxe4 c6 16. a3 Ba5 17. Rac1 Bb6 18. Rxc6+ Kb8 19. Bg7 Rhg8 20. Bf6 Rc8 21.
Rd6 Qb7 22. Qh4 h5 23. b4 Rc7 24. Bd8 Rc6 25. Rxc6 Qxc6 26. Bxb6 Qxb6 27. Qe7
Rc8 28. Qxf7 Qc6 29. Qxg6 Qc1 30. Qxe6 Rc6 31. Qe8+ Kb7 32. Qxh5 Qxa3 33. d5 Rc1
34. d6 Qc3 35. d7 Qc4 36. Re1 Rxe1+ 37. Nxe1 Qe6 38. d8=Q Ka6 0-1

[Event "AUTO-INT-1531"]
[Site "http://www.queenalice.com/game.php?id=690313"]
[Date "2009.11.29"]
[Round "1"]
[White "kelton"]
[Black "kamikaze"]
[Result "0-1"]
[WhiteElo "1575"]
[BlackElo "1458"]

1. d4 d5 2. e3 e6 3. Nc3 Nf6 4. Nf3 Bd6 5. Bd3 O-O 6. Bd2 c5 7. b3 cxd4 8. exd4
Nc6 9. O-O a6 10. Bg5 Be7 11. Na4 h6 12. Bxf6 Bxf6 13. Qd2 Nxd4 14. Qe3 Nxf3+
15. Qxf3 Bxa1 16. Rxa1 Qd6 17. c4 dxc4 18. Bxc4 Rb8 19. Rd1 Qc7 20. Bd3 Qe5 21.
Qe4 Qxe4 22. Bxe4 b5 23. Nc5 b4 24. a4 bxa3 25. Ra1 Rd8 0-1

[Event "AUTO-INT-1531"]
[Site "http://www.queenalice.com/game.php?id=690314"]
[Date "2009.11.29"]
[Round "1"]
[White "kamikaze"]
[Black "kelton"]
[Result "1-0"]
[WhiteElo "1479"]
[BlackElo "1554"]

1. d4 d5 2. c4 Nc6 3. cxd5 Qxd5 4. Nf3 Bg4 5. Nc3 Qc4 6. e3 Qb4 7. a3 Qd6 8. Be2
Nf6 9. Nb5 Qd7 10. Nc3 e6 11. O-O Bd6 12. h3 Bxf3 13. Bxf3 O-O 14. Bd2 b5 15.
Nxb5 a6 16. Nxd6 cxd6 17. Rc1 d5 18. b4 Qd6 19. Qa4 e5 20. Rxc6 Qd7 21. Qc2 e4
22. Be2 a5 23. Bb5 Qb7 24. Rc5 Rac8 25. Be2 axb4 26. Bxb4 Qd7 27. Rc1 1-0

[Event "AUTO-INT-1531"]
[Site "http://www.queenalice.com/game.php?id=690315"]
[Date "2009.11.29"]
[Round "1"]
[White "kelton"]
[Black "Arther"]
[Result "1-0"]
[WhiteElo "1579"]
[BlackElo "1444"]

1. d4 Nf6 2. d5 d6 3. Nc3 c6 4. Bg5 Nbd7 5. Qd2 g6 6. e4 Bg7 7. Nf3 h6 8. Bxf6
Bxf6 9. Be2 cxd5 10. exd5 Nb6 11. O-O-O e5 12. Bd3 Qe7 13. g4 Bxg4 14. Qe2 Rc8
15. Rdg1 h5 16. h3 Bxf3 17. Qxf3 Bg7 18. Qe4 Bh6+ 19. Kb1 Rg8 20. h4 f5 21. Bb5+
Kf7 22. Qb4 a6 23. Bxa6 bxa6 24. Qxb6 Ra8 25. Qc6 Rgc8 26. Qb6 a5 27. Nb5 Rcb8
28. Nxd6+ Kf8 29. Qc5 Bd2 30. Rxg6 Bb4 31. Rhg1 Qxd6 32. Rg8+ Kf7 33. R8g7+ Kf8
34. Qc4 Qf6 35. Qc7 1-0

[Event "AUTO-INT-1531"]
[Site "http://www.queenalice.com/game.php?id=690316"]
[Date "2009.11.29"]
[Round "1"]
[White "Arther"]
[Black "kelton"]
[Result "1-0"]
[WhiteElo "1511"]
[BlackElo "1512"]

1. c4 d6 2. g3 e5 3. Bg2 Nf6 4. Nc3 Be6 5. d3 Nc6 6. Nf3 Qd7 7. Bd2 Be7 8. Qb3
O-O-O 9. O-O h6 10. a4 g5 11. e4 g4 12. Ne1 Nd4 13. Qd1 Nh5 14. Nc2 Nc6 15. b4
f5 16. exf5 Bxf5 17. Be3 Nf6 18. b5 h5 19. bxc6 Qe6 20. cxb7+ Kb8 21. Nb4 e4 22.
Rb1 Kxb7 23. Nbd5+ Kc8 24. Nxe7+ Qxe7 25. Rb5 Bd7 26. Rg5 Rdg8 27. Rxg8+ Rxg8
28. dxe4 Qe5 29. Bd4 Qe6 30. Bxf6 Qxf6 31. Qd3 Qe5 32. f3 gxf3 33. Rxf3 Bg4 34.
Rf2 Kb7 35. Qd5+ Qxd5 36. exd5 Kb6 37. h3 Bf5 38. Rxf5 Kc5 39. Bf1 Rxg3+ 40. Kh2
Rxc3 41. Rxh5 Kb4 42. Rh7 Kxa4 43. Rxc7 a5 44. Ra7 Kb4 45. h4 Re3 46. h5 Re8 47.
h6 a4 48. Bd3 Kb3 49. h7 a3 50. Bb1 Rh8 51. Kg3 Rb8 52. Ra6 Kb2 53. Kf4 Rh8 54.
Ra7 Kxb1 55. Rxa3 Rxh7 56. Ra6 Rh4+ 57. Ke3 Rxc4 58. Rxd6 Rc5 59. Kd4 Rxd5+ 60.
Rxd5 Kc2 61. Ke3 Kc3 62. Rc5+ Kb4 63. Kd4 Kb3 64. Rc8 Kb4 65. Rb8+ Ka5 66. Kc5
1-0

[Event "AUTO-OPEN-1779"]
[Site "http://www.queenalice.com/game.php?id=690447"]
[Date "2009.11.29"]
[Round "1"]
[White "MarcosT"]
[Black "kelton"]
[Result "1-0"]
[WhiteElo "1824"]
[BlackElo "1585"]

1. e4 e5 2. Nc3 d6 3. Nf3 Nf6 4. d3 c5 5. Be2 Nc6 6. a3 Be7 7. Bg5 h6 8. Bxf6
Bxf6 9. Nd5 Bg4 10. O-O Qd7 11. Nxf6+ gxf6 12. h3 Bxf3 13. Bxf3 f5 14. exf5 Qxf5
15. Bxc6+ Ke7 16. Bxb7 Rab8 17. Bd5 Rxb2 18. c4 Rhb8 19. Qa4 Qxd3 20. Qc6 R8b7
21. Rad1 Qxa3 22. Qc8 Rb8 23. Qc7+ Ke8 24. Qxf7+ Kd8 25. Bc6 R8b6 26. Qd7# 1-0

[Event "AUTO-OPEN-1779"]
[Site "http://www.queenalice.com/game.php?id=690448"]
[Date "2009.11.29"]
[Round "1"]
[White "kelton"]
[Black "MarcosT"]
[Result "0-1"]
[WhiteElo "1590"]
[BlackElo "1823"]

1. d4 d5 2. e3 Nf6 3. Nc3 e6 4. Nf3 Nc6 5. Bb5 Bd7 6. O-O Bb4 7. Bd2 O-O 8. Qe2
Bxc3 9. Bxc3 Ne4 10. Bd2 a6 11. Bxc6 Bxc6 12. c4 Nxd2 13. Nxd2 dxc4 14. Qxc4 Bb5
15. Qc2 Rc8 16. Qe4 Bxf1 17. Rxf1 b6 18. Nf3 c5 19. Qb7 cxd4 20. exd4 a5 21. a3
h6 22. Ne5 Qxd4 23. Nd7 Rfd8 24. Nxb6 Rc1 25. g3 Rxf1+ 26. Kxf1 Qxb2 27. Qe7
Rd1+ 28. Kg2 Qxb6 29. Qe8+ Kh7 30. Qxf7 Qc6+ 31. Kh3 Rg1 32. Kg4 Qe4+ 33. f4
Qe2+ 34. Kh4 Qxh2+ 35. Kg4 Rxg3# 0-1

[Event "AUTO-OPEN-1779"]
[Site "http://www.queenalice.com/game.php?id=690467"]
[Date "2009.11.29"]
[Round "1"]
[White "cristiane4"]
[Black "kelton"]
[Result "1-0"]
[WhiteElo "1768"]
[BlackElo "1583"]

1. e4 e5 2. Nf3 Nc6 3. Bb5 Nge7 4. d3 d6 5. O-O Bg4 6. Nc3 Qd7 7. Nd5 g6 8. b3
O-O-O 9. c4 f5 10. Nf6 Qe6 11. Nxg4 Bg7 12. Ne3 f4 13. Nd5 a6 14. Ba4 Bf6 15.
Bd2 g5 16. b4 g4 17. Ne1 Nd4 18. b5 c6 19. bxc6 bxc6 20. Nb6+ Kc7 21. Ba5 Rb8
22. Rb1 Kd8 23. Nc2 Ng6 24. Nxd4 exd4 25. Bxc6 Kc7 26. Bd5 Qe7 27. Na8+ Kc8 28.
Qxg4+ Qd7 29. Rxb8+ Kxb8 30. Qxd7 Be7 31. Rb1# 1-0

[Event "AUTO-OPEN-1779"]
[Site "http://www.queenalice.com/game.php?id=690468"]
[Date "2009.11.29"]
[Round "1"]
[White "kelton"]
[Black "cristiane4"]
[Result "1-0"]
[WhiteElo "1595"]
[BlackElo "1591"]

1. d4 d5 2. e3 e6 3. Nf3 Nc6 4. Bb5 Nf6 5. c4 a6 6. Bxc6+ bxc6 7. c5 Ne4 8. Nbd2
a5 9. Qa4 Be7 10. b4 Ba6 11. Qxc6+ Kf8 12. a3 Nc3 13. Bb2 Ne4 14. b5 1-0

[Event "AUTO-OPEN-1779"]
[Site "http://www.queenalice.com/game.php?id=690477"]
[Date "2009.11.29"]
[Round "1"]
[White "Chazam"]
[Black "kelton"]
[Result "0-1"]
[WhiteElo "1710"]
[BlackElo "1553"]

1. e4 e5 2. d4 d6 3. d5 Nf6 4. f3 g6 5. Nc3 Bg7 6. Qd3 O-O 7. Bg5 c6 8. dxc6
Nxc6 9. Bxf6 Qxf6 10. Nh3 Bxh3 11. gxh3 Nd4 12. O-O-O Nxf3 13. Bg2 Nd4 14. Nd5
Qf2 15. Ne7+ Kh8 16. Rhg1 Ne2+ 17. Kb1 Nxg1 18. Rd2 Qh4 19. Nd5 f5 20. Rd1 Qf2
21. Rd2 Qc5 22. exf5 Rxf5 23. Ne7 Rf2 24. Rxf2 Qxf2 25. a3 Qxg2 26. Qxd6 Nxh3
27. Qc7 h5 28. Qxb7 Qxb7 29. Nxg6+ Kh7 30. Nh4 Rb8 31. b3 Qh1+ 32. Kb2 Qxh2 33.
Nf5 a5 34. a4 e4+ 35. Nxg7 Kxg7 36. Kc3 e3 37. Kd3 e2 0-1

[Event "AUTO-OPEN-1779"]
[Site "http://www.queenalice.com/game.php?id=690478"]
[Date "2009.11.29"]
[Round "1"]
[White "kelton"]
[Black "Chazam"]
[Result "0-1"]
[WhiteElo "1611"]
[BlackElo "1690"]

1. d4 f5 2. d5 Nf6 3. Nc3 c6 4. Bf4 Qb6 5. b3 Ng4 6. e3 g6 7. Qf3 Bg7 8. O-O-O
Bxc3 9. Ne2 Bg7 10. Qg3 d6 11. dxc6 bxc6 12. h3 Nf6 13. Nc3 Qa5 14. Kb2 Ne4 15.
Qf3 Qxc3+ 16. Kc1 Qa1# 0-1

[Event "AUTO-INT-1551"]
[Site "http://www.queenalice.com/game.php?id=699450"]
[Date "2009.12.17"]
[Round "1"]
[White "kelton"]
[Black "jpcamilo"]
[Result "0-1"]
[WhiteElo "1572"]
[BlackElo "1557"]

1. d4 d5 2. e3 Nf6 3. Nc3 Bg4 4. Be2 Nc6 5. Bxg4 Nxg4 6. Qxg4 Nb4 7. Qe2 Qd6 8.
Nf3 O-O-O 9. Nb5 Qa6 10. O-O c6 11. Na3 Qxe2 12. Ne5 Qh5 13. Bd2 Na6 14. g4 Qg5
15. h3 Rd6 16. Nxf7 Qh4 17. Nxh8 Qxh3 18. f3 Qg3+ 19. Kh1 Rh6# 0-1

[Event "AUTO-INT-1551"]
[Site "http://www.queenalice.com/game.php?id=699451"]
[Date "2009.12.17"]
[Round "1"]
[White "jpcamilo"]
[Black "kelton"]
[Result "1-0"]
[WhiteElo "1665"]
[BlackElo "1496"]

1. d4 e6 2. d5 Nf6 3. Bg5 Be7 4. dxe6 fxe6 5. e3 d5 6. Bxf6 Bxf6 7. Nc3 Nc6 8.
Bb5 Bd7 9. Qh5+ g6 10. Qh6 Nb4 11. a3 Nxc2+ 12. Kd1 Nxa1 13. Bd3 Qe7 14. Bxg6+
Kd8 15. Nf3 Bg7 16. Qg5 hxg6 17. Qxg6 Rh6 18. Qg3 Ba4+ 19. Nxa4 c5 20. Kd2 Nb3+
21. Ke2 b5 22. Nc3 b4 23. axb4 cxb4 24. Nb5 a6 25. Nd6 Bxb2 26. Qg8+ Kd7 27.
Qxa8 Qxd6 28. Qa7+ Qc7 29. Qxa6 Qc2+ 30. Nd2 Qxd2+ 31. Kf3 Rf6+ 32. Kg4 Qxf2 33.
Qb7+ Ke8 34. Qb8+ Ke7 35. Qxb4+ Kd7 36. Qb5+ Ke7 37. Qb7+ Kd6 38. Qb8+ Kc5 39.
Qc8+ Kb4 40. Qb7+ Kc3 41. Qc7+ Kd3 42. Rd1+ Nd2 43. Qg3 Rg6+ 44. Kh5 1-0

[Event "AUTO-INT-1551"]
[Site "http://www.queenalice.com/game.php?id=699452"]
[Date "2009.12.17"]
[Round "1"]
[White "kelton"]
[Black "QuinhoFogo"]
[Result "0-1"]
[WhiteElo "1523"]
[BlackElo "1645"]

1. d4 d5 2. e3 Nc6 3. Nc3 Bf5 4. Bd3 Bxd3 5. Qxd3 Qd7 6. Nf3 O-O-O 7. Ng5 Nh6 8.
Nxh7 f6 9. Qg6 Qf5 10. Nxf8 Rdxf8 11. Qg3 a6 12. Bd2 g5 13. O-O-O Ng4 14. f3 Nb4
15. e4 dxe4 16. fxe4 Qe6 17. d5 Qd7 18. h3 Ne5 19. Qe3 b6 20. a3 Nc4 21. Qd4
Nxd2 22. Qxb4 Nxe4 23. Qxe4 f5 24. Qe5 Qd6 25. Qg7 Qf4+ 26. Kb1 Re8 27. Rhf1 Qg3
28. Rxf5 Qxg2 29. Qxg5 Qxg5 30. Rxg5 Rxh3 0-1

[Event "AUTO-INT-1551"]
[Site "http://www.queenalice.com/game.php?id=699453"]
[Date "2009.12.17"]
[Round "1"]
[White "QuinhoFogo"]
[Black "kelton"]
[Result "1-0"]
[WhiteElo "1633"]
[BlackElo "1535"]

1. e4 e5 2. Nf3 d6 3. Bc4 Nf6 4. Ng5 d5 5. exd5 Nxd5 6. Qf3 Be6 7. Nxe6 fxe6 8.
Bxd5 exd5 9. O-O e4 10. Qh5+ g6 11. Qe5+ Kd7 12. Qxh8 Bd6 13. Qg7+ Qe7 14. Qxe7+
Bxe7 15. Nc3 Nc6 16. a3 Nd4 17. Nxd5 Nxc2 18. Ra2 Bd6 19. Nf6+ Ke6 20. Nxe4 Ke5
21. Nxd6 cxd6 22. b4 Nd4 23. Re1+ Kd5 24. d3 Rc8 25. Be3 Nc2 26. Rd1 Rc3 27.
Bxa7 Nxa3 28. Bb6 Kc6 29. Bd4 Rc2 30. Rxc2+ Nxc2 31. Rc1 1-0

[Event "AUTO-INT-1551"]
[Site "http://www.queenalice.com/game.php?id=699454"]
[Date "2009.12.17"]
[Round "1"]
[White "kelton"]
[Black "ThiagoTanaka"]
[Result "0-1"]
[WhiteElo "1485"]
[BlackElo "1746"]

1. d4 c6 2. e4 d5 3. e5 Bf5 4. Bd3 Bxd3 5. Qxd3 e6 6. Nf3 Nd7 7. Nc3 Bb4 8. Bd2
Ne7 9. Ng5 Ng6 10. O-O-O Be7 11. f4 Nxf4 12. Bxf4 Bxg5 13. g3 Bxf4+ 14. gxf4 Qh4
15. Qg3 Qxg3 16. hxg3 O-O-O 17. g4 f6 18. Rdg1 fxe5 19. fxe5 Rdf8 20. g5 h6 21.
g6 Rf4 22. Ne2 Rf2 23. Kd1 Rhf8 0-1

[Event "AUTO-INT-1551"]
[Site "http://www.queenalice.com/game.php?id=699455"]
[Date "2009.12.17"]
[Round "1"]
[White "ThiagoTanaka"]
[Black "kelton"]
[Result "1-0"]
[WhiteElo "1698"]
[BlackElo "1545"]

1. d4 e6 2. c4 d5 3. Nc3 Bb4 4. a3 Bxc3+ 5. bxc3 Nc6 6. cxd5 Qxd5 7. Nf3 Nf6 8.
e3 Bd7 9. c4 Qe4 10. Bd3 Qg4 11. O-O O-O-O 12. Qb3 Qh5 13. Rb1 g5 14. Qxb7# 1-0

[Event "AUTO-OPEN-1802"]
[Site "http://www.queenalice.com/game.php?id=699496"]
[Date "2009.12.17"]
[Round "1"]
[White "Vermelho"]
[Black "kelton"]
[Result "1-0"]
[WhiteElo "1708"]
[BlackElo "1555"]

1. e4 e5 2. Nf3 d6 3. Bc4 Nf6 4. Ng5 Be6 5. Bxe6 fxe6 6. Nxe6 Qd7 7. Nxf8 Rxf8
8. Nc3 Nc6 9. d3 O-O-O 10. Bg5 h6 11. Bxf6 Rxf6 12. O-O Rdf8 13. Nd5 R6f7 14. c3
g5 15. d4 Rxf2 16. Rxf2 Rxf2 17. Kxf2 Qf7+ 18. Kg1 Qg7 19. Qg4+ Kb8 20. Qe6 exd4
21. Qe8+ Nd8 22. Qxd8# 1-0

[Event "AUTO-OPEN-1802"]
[Site "http://www.queenalice.com/game.php?id=699497"]
[Date "2009.12.17"]
[Round "1"]
[White "kelton"]
[Black "Vermelho"]
[Result "1-0"]
[WhiteElo "1546"]
[BlackElo "1709"]

1. d4 d5 2. e3 Nc6 3. Bb5 a6 4. Bxc6+ bxc6 5. Nf3 Nf6 6. Nc3 Bf5 7. b3 e6 8. Bb2
c5 9. Ne5 cxd4 10. exd4 Bd6 11. Qe2 O-O 12. O-O-O c5 13. f3 Nh5 14. Rhe1 Nf4 15.
Qf2 c4 16. g4 Nh3 17. Qg3 Ng5 18. f4 Qa5 19. gxf5 Ba3 20. Qxg5 f6 21. Nc6 Qxc3
22. Qg3 Qxb2+ 23. Kd2 Rfc8 24. Na5 Bb4+ 25. Ke3 Bxa5 26. Rg1 Qxc2 27. Qxg7# 1-0

[Event "AUTO-OPEN-1802"]
[Site "http://www.queenalice.com/game.php?id=699524"]
[Date "2009.12.17"]
[Round "1"]
[White "kelton"]
[Black "goldenboy"]
[Result "0-1"]
[WhiteElo "1562"]
[BlackElo "2155"]

1. d4 d5 2. e3 Nf6 3. Nc3 c6 4. Nf3 Bg4 5. Be2 e6 6. b3 Bb4 7. Bb2 Ne4 8. Qd3
Bf5 9. Ne5 Nxc3 10. e4 Bxe4 11. Qd2 a5 12. Bxc3 Bxc3 13. Qxc3 O-O 14. Bd3 Bxg2
15. Rg1 Be4 16. O-O-O Nd7 17. f3 Nxe5 18. fxe4 Nxd3+ 19. Qxd3 dxe4 20. Qg3 Qf6
21. Qc7 a4 22. Qxb7 axb3 23. Qxc6 bxc2 24. Qxc2 Rac8 25. Rgf1 Rxc2+ 26. Kxc2
Rc8+ 27. Kb3 Qe7 28. Rc1 Qb7+ 29. Ka4 Ra8# 0-1

[Event "AUTO-OPEN-1802"]
[Site "http://www.queenalice.com/game.php?id=699525"]
[Date "2009.12.17"]
[Round "1"]
[White "goldenboy"]
[Black "kelton"]
[Result "1-0"]
[WhiteElo "2060"]
[BlackElo "1487"]

1. e4 e5 2. f4 d6 3. Nf3 Nf6 4. Nc3 Bg4 5. Bc4 Qd7 6. d3 Nc6 7. Bb5 O-O-O 8.
fxe5 dxe5 9. O-O Qd6 10. Bxc6 Qxc6 11. Kh1 Bb4 12. Bd2 Nd7 13. Nd5 Nf6 14. Ne7+
Bxe7 15. Nxe5 Qe6 16. Nxg4 Nxg4 17. h3 Ne5 18. Bc3 Rhg8 19. Bxe5 Qxe5 20. Rxf7
Bh4 21. Qg4+ Kb8 22. Qxh4 Qxb2 23. Raf1 Qxc2 24. Rxg7 Qxd3 25. Rgf7 Qd2 26. R1f2
Qd4 27. Qxh7 b6 28. Qf5 Qa1+ 29. Kh2 Kb7 30. e5 Qc3 31. Qf3+ Qc6 32. Rc2 Qxf3
33. Rfxc7+ Kb8 34. gxf3 a5 35. e6 Rge8 36. e7 Rd2+ 37. Rxd2 Kxc7 38. Re2 Kd7 39.
Kg3 b5 40. Re5 b4 41. Rxa5 Rxe7 42. Ra7+ Kd6 43. Rxe7 Kxe7 44. f4 1-0

[Event "AUTO-OPEN-1802"]
[Site "http://www.queenalice.com/game.php?id=699526"]
[Date "2009.12.17"]
[Round "1"]
[White "kelton"]
[Black "arniecoruja"]
[Result "0-1"]
[WhiteElo "1560"]
[BlackElo "1797"]

1. d4 d5 2. e3 e6 3. Nc3 a6 4. Nf3 Nc6 5. Bd3 Bd6 6. Bd2 Bd7 7. e4 dxe4 8. Bxe4
Nf6 9. Qe2 O-O 10. Qd3 Nxe4 11. Nxe4 h6 12. O-O Ne7 13. c4 Nf5 14. c5 Be7 15. d5
exd5 16. Qxd5 Bc6 17. Qxf5 Bxe4 18. Qxe4 Bxc5 19. Qxb7 Rb8 20. Qc6 Bd6 21. b3
Rb6 22. Qd5 Qf6 23. Ba5 Rb5 24. Qd2 Rd8 25. Bc3 Qg6 26. a4 Rh5 27. Rae1 Bxh2+
28. Nxh2 Rxd2 29. Bxd2 Qc2 30. g4 Rh4 31. Nf3 Rxg4+ 32. Kh2 Qxb3 33. Re3 Qxa4
34. Re8+ Qxe8 35. Re1 Qb5 0-1

[Event "AUTO-OPEN-1802"]
[Site "http://www.queenalice.com/game.php?id=699527"]
[Date "2009.12.17"]
[Round "1"]
[White "arniecoruja"]
[Black "kelton"]
[Result "1-0"]
[WhiteElo "1794"]
[BlackElo "1569"]

1. e4 d6 2. d4 e6 3. Nf3 f5 4. Nc3 d5 5. e5 Nc6 6. a3 Nge7 7. b4 b6 8. Bb5 Bb7
9. Bxc6+ Bxc6 10. b5 Bb7 11. Ng5 Qd7 12. a4 g6 13. a5 Bh6 14. a6 Bc6 15. bxc6
Qxc6 16. Ne2 Qc4 17. Nxe6 Nc6 18. Nxc7+ Ke7 19. Nxa8 Rxa8 20. Bxh6 Qb4+ 21. Qd2
Qxd2+ 22. Bxd2 h5 23. h4 b5 24. c3 Ke6 25. Nf4+ Kf7 26. Nxd5 Ke6 27. Nc7+ Kd7
28. Nxa8 Kc8 29. Nb6+ Kb8 30. Bf4 axb6 31. e6+ Kc8 32. a7 Kb7 33. a8=Q# 1-0